Anales de la Academia de Geografía e Historia de Guatemala /
Αποθηκεύτηκε σε:
| Συγγραφή απο Οργανισμό/Αρχή: | |
|---|---|
| Μορφή: | Άγνωστο |
| Γλώσσα: | Spanish |
| Έκδοση: |
Guatemala :
La Academia,
c1980.
|
| Θέματα: | |
| Ετικέτες: |
Προσθήκη ετικέτας
Δεν υπάρχουν, Καταχωρήστε ετικέτα πρώτοι!
|
MARC
| LEADER | 000000000a22000000004500 | ||
|---|---|---|---|
| 001 | 002288 | ||
| 020 | |a 0252337X | ||
| 041 | 0 | |a spa | |
| 082 | 0 | 4 | |a 910 A |
| 110 | 2 | |a Academia de Geografía e Historia de Guatemala | |
| 245 | 1 | 0 | |a Anales de la Academia de Geografía e Historia de Guatemala / |c Academia de Geografía e Historia de Guatemala. |
| 260 | 1 | |a Guatemala : |b La Academia, |c c1980. | |
| 300 | |a 350 páginas : |b ilustraciones | ||
| 500 | |a Continuación de : Sociedad de Geografía e Historia de Guatemala. Anales de la Sociedad de Geografía e Historia | ||
| 505 | |a La Biblioteca contiene: t. 73 | ||
| 650 | 4 | |a GEOGRAFIA | |
| 650 | 4 | |a PUBLICACIONES PERIODICAS | |
| 650 | 4 | |a HISTORIA | |
| 650 | 4 | |a GUATEMALA | |
| 650 | 4 | |a AMERICA CENTRAL | |
| 650 | 4 | |a LATINOAMERICA | |
| 999 | |c 8809 |d 8809 | ||
| 942 | |c BK |h 910 A |2 z | ||
